[Event "Brno Duras op-A"]
[Site "Brno"]
[Date "2014.07.05"]
[Round "8"]
[White "Bata, Jiri"]
[Black "Tocev, Dosi"]
[Result "0-1"]
[WhiteElo "1590"]
[BlackElo "1777"]
[PlyCount "42"]
[EventDate "2014.06.28"]
[EventType "swiss"]
[EventRounds "9"]
[EventCountry "CZE"]
[SourceTitle "CBM 161 Extra"]
[Source "ChessBase"]
[SourceDate "2014.08.29"]
[SourceVersion "1"]
[SourceVersionDate "2014.08.29"]
[SourceQuality "1"]

1. e4 e5 2. Bc4 Nf6 3. Nc3 Bc5 4. d3 h6 5. Nf3 d6 6. h3 a6 7. 0-0 Nc6 8. a3 Bd7 9. Re1 g5 10. Nxg5 hxg5 11. Be3 Bxe3 12. Rxe3 g4 13. hxg4 Bxg4 14. Qd2 Qd7 15. b4 Nd4 16. Nd5 Nxd5 17. exd5 Ke7 18. c3 Nb5 19. Re4 Rag8 20. d4 Bf3 21. Rxe5+ dxe5 0-1

[Event "Brno Duras op-A"]
[Site "Brno"]
[Date "2014.07.04"]
[Round "7"]
[White "Turza, Pavel"]
[Black "Tocev, Dosi"]
[Result "1-0"]
[WhiteElo "1790"]
[BlackElo "1777"]
[PlyCount "113"]
[EventDate "2014.06.28"]
[EventType "swiss"]
[EventRounds "9"]
[EventCountry "CZE"]
[SourceTitle "CBM 161 Extra"]
[Source "ChessBase"]
[SourceDate "2014.08.29"]
[SourceVersion "1"]
[SourceVersionDate "2014.08.29"]
[SourceQuality "1"]

1. d4 d5 2. Nf3 Nf6 3. Bg5 e6 4. e3 Be7 5. c3 h6 6. Bf4 Bd6 7. Bg3 Bxg3 8. hxg3 Nc6 9. Nbd2 Bd7 10. Bd3 Qe7 11. Ne5 0-0-0 12. f4 Nxe5 13. dxe5 Ne8 14. a4 Qc5 15. Kf2 Qb6 16. b4 c5 17. bxc5 Qxc5 18. Qc2 Bc6 19. Rhb1 Nc7 20. Nb3 Qe7 21. Nd4 f6 22. exf6 gxf6 23. Qb2 Rhg8 24. Bb5 Qg7 25. Ne2 e5 26. Bxc6 bxc6 27. Qb7+ Kd7 28. Qxa7 exf4 29. exf4 Ra8 30. Qe3 Rae8 31. Qf3 Rb8 32. Nd4 Qg6 33. f5 Qg5 34. Qf4 Qxf4+ 35. gxf4 Rbe8 36. Rh1 Rh8 37. Rh3 Rh7 38. Rb1 Ra8 39. Rb6 Rxa4 40. Rxc6 Ne8 41. Rb6 Ra2+ 42. Kf3 Nd6 43. Nb5 Ne4 44. Rb7+ Kc6 45. Rxh7 Kxb5 46. Ke3 Rxg2 47. R7xh6 Kc4 48. Rh8 Kxc3 49. Rc8+ Kb4 50. Kd4 Rd2+ 51. Rd3 Rxd3+ 52. Kxd3 Nd6 53. Rc6 Nxf5 54. Rxf6 Ng3 55. Kd4 Ne4 56. Rf8 Nc3 57. Rb8+ 1-0

[Event "Brno Duras op-A"]
[Site "Brno"]
[Date "2014.07.02"]
[Round "5"]
[White "Kucera, Petr"]
[Black "Tocev, Dosi"]
[Result "1-0"]
[WhiteElo "1987"]
[BlackElo "1777"]
[PlyCount "61"]
[EventDate "2014.06.28"]
[EventType "swiss"]
[EventRounds "9"]
[EventCountry "CZE"]
[SourceTitle "CBM 161 Extra"]
[Source "ChessBase"]
[SourceDate "2014.08.29"]
[SourceVersion "1"]
[SourceVersionDate "2014.08.29"]
[SourceQuality "1"]

1. e4 e5 2. Nf3 Nc6 3. Bb5 d6 4. d4 exd4 5. Qxd4 Bd7 6. Bxc6 Bxc6 7. Bg5 f6 8. Bh4 Ne7 9. Nc3 Ng6 10. Bg3 Qd7 11. 0-0-0 Qf7 12. Rhe1 Be7 13. Nd5 Bxd5 14. exd5 0-0 15. Nh4 Nxh4 16. Qxh4 Rae8 17. Qd4 f5 18. f4 Bf6 19. Qa4 b5 20. Qa5 Qd7 21. Rxe8 Rxe8 22. Qxa7 Re4 23. a3 Ra4 24. Qb7 b4 25. axb4 Ra1+ 26. Kd2 Rxd1+ 27. Kxd1 Bxb2 28. Qc6 Qxc6 29. dxc6 Bc3 30. b5 Kf7 31. b6 1-0

[Event "Brno Duras op-A"]
[Site "Brno"]
[Date "2014.06.30"]
[Round "3"]
[White "Krupica, Pavel"]
[Black "Tocev, Dosi"]
[Result "1-0"]
[WhiteElo "1953"]
[BlackElo "1777"]
[PlyCount "55"]
[EventDate "2014.06.28"]
[EventType "swiss"]
[EventRounds "9"]
[EventCountry "CZE"]
[SourceTitle "CBM 161 Extra"]
[Source "ChessBase"]
[SourceDate "2014.08.29"]
[SourceVersion "1"]
[SourceVersionDate "2014.08.29"]
[SourceQuality "1"]

1. e4 e5 2. Nf3 Nc6 3. d4 exd4 4. Nxd4 Qf6 5. Nb3 Nge7 6. Nc3 Ng6 7. Bd3 Bb4 8. Bd2 0-0 9. a3 Bd6 10. Nd5 Qh4 11. g3 Qh3 12. Qe2 Nce5 13. f4 Nxd3+ 14. cxd3 c6 15. Ne3 Bxf4 16. gxf4 Nxf4 17. Qf1 Qxf1+ 18. Kxf1 Nxd3 19. Rg1 Re8 20. Bc3 g6 21. Ng4 Re7 22. Rd1 Nf4 23. Nf6+ Kf8 24. Bb4 Nh3 25. Rg3 Nf4 26. Bd6 Ne6 27. Nxh7+ Ke8 28. Nf6+ 1-0

[Event "Brno Duras op-A"]
[Site "Brno"]
[Date "2014.06.29"]
[Round "2"]
[White "Tocev, Dosi"]
[Black "Glacner, Karel"]
[Result "1-0"]
[WhiteElo "1777"]
[BlackElo "1571"]
[PlyCount "99"]
[EventDate "2014.06.28"]
[EventType "swiss"]
[EventRounds "9"]
[EventCountry "CZE"]
[SourceTitle "CBM 161 Extra"]
[Source "ChessBase"]
[SourceDate "2014.08.29"]
[SourceVersion "1"]
[SourceVersionDate "2014.08.29"]
[SourceQuality "1"]

1. d4 Nf6 2. c4 c5 3. d5 g6 4. Nc3 d6 5. e4 Nbd7 6. Nf3 Bg7 7. Bg5 Qa5 8. Qd2 h6 9. Bf4 g5 10. Bg3 Ng4 11. h3 Nge5 12. Be2 0-0 13. Nxe5 dxe5 14. 0-0 Qa6 15. a3 Qb6 16. Rab1 a6 17. Kh1 Rd8 18. f3 Qg6 19. Nd1 h5 20. Ne3 Nf8 21. b4 Ne6 22. Nf5 Bf6 23. Bxe5 Nd4 24. Bxd4 cxd4 25. Nxd4 e6 26. Qe3 Be5 27. Qf2 Qf6 28. Nc2 Qf4 29. g4 exd5 30. cxd5 Kh7 31. Ne1 Bd6 32. Nd3 Qf6 33. Qe3 Bf4 34. Nxf4 gxf4 35. Qf2 Rg8 36. Bd3 Kh6 37. Rbc1 Qd6 38. Qd4 Bd7 39. e5 Qe7 40. Qxf4+ Kg7 41. gxh5 Kf8 42. Rg1 Rh8 43. h6 Bxh3 44. Rg7 Rd8 45. Bg6 Bf5 46. Bxf5 Qxe5 47. Qxe5 Rxh6+ 48. Kg2 Re8 49. Qb2 f6 50. Rcc7 1-0

[Event "Brno Duras op-A"]
[Site "Brno"]
[Date "2013.06.29"]
[Round "8"]
[White "Tocev, Dosi"]
[Black "Blazek, Pavel"]
[Result "0-1"]
[WhiteElo "1767"]
[BlackElo "1857"]
[PlyCount "112"]
[EventDate "2013.06.22"]
[EventType "swiss"]
[EventRounds "9"]
[EventCountry "CZE"]
[SourceTitle "CBM 155 Extra"]
[Source "ChessBase"]
[SourceDate "2013.08.26"]
[SourceVersion "1"]
[SourceVersionDate "2013.08.26"]
[SourceQuality "1"]

1. d4 d5 2. c4 e6 3. cxd5 exd5 4. Nc3 c6 5. Nf3 Bf5 6. e3 Bd6 7. Bd3 Bxd3 8. Qxd3 Nf6 9. Bd2 0-0 10. 0-0 Nbd7 11. Rfe1 Re8 12. e4 dxe4 13. Nxe4 Nxe4 14. Rxe4 Rxe4 15. Qxe4 Nf6 16. Qf5 Qd7 17. Qxd7 Nxd7 18. Bc3 Nf6 19. Re1 Re8 20. Rxe8+ Nxe8 21. Kf1 Nf6 22. h3 Nd5 23. g3 Kf8 24. Ke2 Ke7 25. Nd2 Kd7 26. Nc4 Bc7 27. Ne3 Ke6 28. Kd3 Nxe3 29. Kxe3 Kd5 30. Kd3 a5 31. b3 b5 32. Bd2 f5 33. Bc1 Bd6 34. Bd2 a4 35. Be3 h5 36. Bg5 Bb4 37. f3 Be1 38. g4 fxg4 39. fxg4 hxg4 40. hxg4 Bf2 41. Be3 Bxe3 42. Kxe3 axb3 43. axb3 c5 44. dxc5 Kxc5 45. Kd3 Kb4 46. Kc2 Ka3 47. Kc3 b4+ 48. Kc4 g5 49. Kd4 Kxb3 50. Ke4 Kc2 51. Kf5 b3 52. Kxg5 b2 53. Kf6 b1Q 54. g5 Qb8 55. Kg7 Qc7+ 56. Kh6 Qf7 0-1

[Event "Brno Duras op-A"]
[Site "Brno"]
[Date "2013.06.25"]
[Round "4"]
[White "Tocev, Dosi"]
[Black "Prokop, Jiri"]
[Result "1/2-1/2"]
[WhiteElo "1767"]
[BlackElo "1850"]
[PlyCount "31"]
[EventDate "2013.06.22"]
[EventType "swiss"]
[EventRounds "9"]
[EventCountry "CZE"]
[SourceTitle "CBM 155 Extra"]
[Source "ChessBase"]
[SourceDate "2013.08.26"]
[SourceVersion "1"]
[SourceVersionDate "2013.08.26"]
[SourceQuality "1"]

1. d4 f5 2. c4 Nf6 3. Nc3 e6 4. Bg5 Be7 5. Nf3 d5 6. cxd5 exd5 7. Qb3 c6 8. h3 Qb6 9. Qxb6 axb6 10. e3 0-0 11. Bd3 Bb4 12. Bxf6 Rxf6 13. 0-0 b5 14. Rfc1 Bxc3 15. Rxc3 Nd7 16. b3 1/2-1/2

[Event "Brno Duras op-A"]
[Site "Brno"]
[Date "2013.06.23"]
[Round "2"]
[White "Tocev, Dosi"]
[Black "Spodny, Josef"]
[Result "1/2-1/2"]
[WhiteElo "1767"]
[BlackElo "2031"]
[PlyCount "28"]
[EventDate "2013.06.22"]
[EventType "swiss"]
[EventRounds "9"]
[EventCountry "CZE"]
[SourceTitle "CBM 155 Extra"]
[Source "ChessBase"]
[SourceDate "2013.08.26"]
[SourceVersion "1"]
[SourceVersionDate "2013.08.26"]
[SourceQuality "1"]

1. d4 Nf6 2. c4 e6 3. Nc3 Bb4 4. Bd2 0-0 5. e3 d5 6. Nf3 c5 7. dxc5 Bxc5 8. cxd5 exd5 9. Be2 Nc6 10. 0-0 Qe7 11. Re1 Be6 12. a3 a6 13. Qc2 Rac8 14. Bd3 h6 1/2-1/2

[Event "Brno II etapa-B"]
[Site "Brno"]
[Date "2004.05.06"]
[Round "7"]
[White "Tocev, Dosi"]
[Black "Licka, Vlastimil"]
[Result "1/2-1/2"]
[WhiteElo "1721"]
[BlackElo "1909"]
[PlyCount "23"]
[EventDate "2004.04.15"]
[EventType "tourn"]
[EventRounds "9"]
[EventCountry "CZE"]
[SourceTitle "EXT 2006"]
[Source "ChessBase"]
[SourceDate "2005.11.24"]
[SourceVersion "1"]
[SourceVersionDate "2005.11.24"]
[SourceQuality "1"]

1. e4 c5 2. b3 Nc6 3. Bb2 d6 4. Nf3 Bg4 5. h3 Bxf3 6. Qxf3 a6 7. Bc4 e6 8. Qg3 Nf6 9. Nc3 b5 10. Bd3 Ne5 11. f4 Nh5 12. Qf2 1/2-1/2

[Event "Brno II etapa-B"]
[Site "Brno"]
[Date "2004.05.04"]
[Round "6"]
[White "Sipek, Oldrich"]
[Black "Tocev, Dosi"]
[Result "0-1"]
[WhiteElo "1785"]
[BlackElo "1721"]
[PlyCount "50"]
[EventDate "2004.04.15"]
[EventType "tourn"]
[EventRounds "9"]
[EventCountry "CZE"]
[SourceTitle "EXT 2006"]
[Source "ChessBase"]
[SourceDate "2005.11.24"]
[SourceVersion "1"]
[SourceVersionDate "2005.11.24"]
[SourceQuality "1"]

1. Nf3 Nf6 2. g3 g6 3. Bg2 Bg7 4. 0-0 d5 5. c4 c6 6. d3 0-0 7. Nc3 dxc4 8. dxc4 Be6 9. Qc2 Nbd7 10. b3 Bf5 11. e4 Nxe4 12. Nxe4 Bxa1 13. Nh4 Bxe4 14. Bxe4 Bg7 15. Bg5 Nf6 16. Rd1 Qc7 17. Be3 Rad8 18. Rf1 Nxe4 19. Qxe4 Rd7 20. Qg4 Rfd8 21. Nf3 Rd1 22. Ng5 Rxf1+ 23. Kxf1 Qd7 24. Qh4 h5 25. Kg1 b6 0-1

[Event "Brno II etapa-B"]
[Site "Brno"]
[Date "2004.04.20"]
[Round "2"]
[White "Urban, Jaroslav"]
[Black "Tocev, Dosi"]
[Result "0-1"]
[WhiteElo "1787"]
[BlackElo "1721"]
[PlyCount "72"]
[EventDate "2004.04.15"]
[EventType "tourn"]
[EventRounds "9"]
[EventCountry "CZE"]
[SourceTitle "EXT 2006"]
[Source "ChessBase"]
[SourceDate "2005.11.24"]
[SourceVersion "1"]
[SourceVersionDate "2005.11.24"]
[SourceQuality "1"]

1. e4 d6 2. d4 Nf6 3. Nc3 g6 4. f4 e6 5. Nf3 Bg7 6. Bd3 0-0 7. e5 Nfd7 8. Be3 dxe5 9. dxe5 Nc6 10. Qd2 a6 11. 0-0-0 Qe7 12. h4 Nc5 13. h5 Nxd3+ 14. cxd3 Rd8 15. h6 Bh8 16. d4 Nb4 17. a3 Nd5 18. Ne4 Nxe3 19. Qxe3 b6 20. Kb1 Bb7 21. Nc3 Rd7 22. Rd2 Rad8 23. Rdd1 c5 24. dxc5 Rxd1+ 25. Rxd1 Rxd1+ 26. Nxd1 bxc5 27. Nc3 Qf8 28. Ne4 Qxh6 29. Nxc5 Bd5 30. Qe1 Qh5 31. Nxa6 Qf5+ 32. Kc1 Qxf4+ 33. Qd2 Qc4+ 34. Kb1 Qxa6 35. Qc3 Qf1+ 36. Qe1 Qxg2 0-1